<?xml version="1.0" encoding="UTF-8"?><?xml-stylesheet type="text/xsl" href="static/style.xsl"?><OAI-PMH xmlns="http://www.openarchives.org/OAI/2.0/" xmlns:xsi="http://www.w3.org/2001/XMLSchema-instance" xsi:schemaLocation="http://www.openarchives.org/OAI/2.0/ http://www.openarchives.org/OAI/2.0/OAI-PMH.xsd"><responseDate>2026-04-14T02:25:14Z</responseDate><request verb="GetRecord" identifier="oai:www.recercat.cat:2072/483244" metadataPrefix="marc">https://recercat.cat/oai/request</request><GetRecord><record><header><identifier>oai:recercat.cat:2072/483244</identifier><datestamp>2025-05-08T16:44:29Z</datestamp><setSpec>com_2072_98</setSpec><setSpec>col_2072_378192</setSpec></header><metadata><record xmlns="http://www.loc.gov/MARC21/slim" xmlns:dcterms="http://purl.org/dc/terms/" xmlns:xsi="http://www.w3.org/2001/XMLSchema-instance" xmlns:doc="http://www.lyncode.com/xoai" xsi:schemaLocation="http://www.loc.gov/MARC21/slim http://www.loc.gov/standards/marcxml/schema/MARC21slim.xsd">
   <leader>00925njm 22002777a 4500</leader>
   <datafield ind2=" " ind1=" " tag="042">
      <subfield code="a">dc</subfield>
   </datafield>
   <datafield ind2=" " ind1=" " tag="720">
      <subfield code="a">Fontanellas Fes, Albert</subfield>
      <subfield code="e">author</subfield>
   </datafield>
   <datafield ind2=" " ind1=" " tag="720">
      <subfield code="a">Hinarejos Gómez, Pedro</subfield>
      <subfield code="e">author</subfield>
   </datafield>
   <datafield ind2=" " ind1=" " tag="720">
      <subfield code="a">Pérez-Prieto, Daniel</subfield>
      <subfield code="e">author</subfield>
   </datafield>
   <datafield ind2=" " ind1=" " tag="720">
      <subfield code="a">Martínez-Lozano, Jan</subfield>
      <subfield code="e">author</subfield>
   </datafield>
   <datafield ind2=" " ind1=" " tag="720">
      <subfield code="a">Sánchez-Soler, Juan</subfield>
      <subfield code="e">author</subfield>
   </datafield>
   <datafield ind2=" " ind1=" " tag="720">
      <subfield code="a">Torres-Claramunt, Raúl</subfield>
      <subfield code="e">author</subfield>
   </datafield>
   <datafield ind2=" " ind1=" " tag="720">
      <subfield code="a">Perelli, Simone</subfield>
      <subfield code="e">author</subfield>
   </datafield>
   <datafield ind2=" " ind1=" " tag="720">
      <subfield code="a">Monllau García, Joan Carles</subfield>
      <subfield code="e">author</subfield>
   </datafield>
   <datafield ind2=" " ind1=" " tag="260">
      <subfield code="c">2025</subfield>
   </datafield>
   <datafield ind2=" " ind1=" " tag="520">
      <subfield code="a">Introduction: One of the main concerns around the use of antibiotic-loaded bone cement (ALBC) is the potential reduction in the mechanical properties of the cement when antibiotics are admixed. The purpose of this study was to determine whether there is a difference between plain cement and ALBC in terms of radiological intrusion into the bone in total knee arthroplasties (TKAs). Methods: Prospective randomized study of 80 consecutive patients who underwent TKA. Depending on the cement used, patients were divided into two groups by a computer-generated randomization programme: the cement without antibiotic (Group 1) or the ALBC (Group 2). Cement intrusion was measured in postoperative radiographs in eight different regions in the tibial component and six regions in the femoral component. Results: The average cement intrusion was similar in both groups (p = nonsignificance [n.s.]). Group 1 (plain cement) had an average cement intrusion in the femur of 1.4 mm (±0.4) and 2.4 mm (±0.4) in the tibia. In Group 2 (ALBC), the average cement intrusion in the femur came to 1.6 (±0.5) and 2.4 mm (±0.5) in the tibia. In 80% of the patients, the cement intrusion in the tibia averaged a minimum of 2 mm, being similar in both groups (p = n.s.). Conclusion: There are no differences in bone intrusion when comparing plain cement to ALBC. Therefore, the use of ALBC in primary TKA may be indicated, achieving optimal bone penetration. Level of Evidence: Level I.</subfield>
   </datafield>
   <datafield ind2="0" ind1="0" tag="245">
      <subfield code="a">Comparable bone penetration between antibiotic-loaded and plain bone cement in total knee arthroplasty</subfield>
   </datafield>
</record></metadata></record></GetRecord></OAI-PMH>